Southville International School and Colleges
Your cart is empty.
  • Cart
  • Lists
    Public lists Eva Luna New books Lux_list list_1
    Your lists Log in to create your own lists
  • Log in to your account
  • Your cookies
  • Search history
Southville International School and Colleges
  • Advanced search
  • Recent comments
  • Most popular
  • Libraries

Log in to your account

Log in with GOOGLE


If you do not have an external account, but do have a local account, you can still log in:

  1. Home
  2. MARC view: Money for kids(pera mo palaguin mo!) /
Normal view MARC view ISBD view

Money for kids(pera mo palaguin mo!) / (Record no. 105699)

[ view plain ]
MARC details
000 -LEADER
fixed length control field 00630nam a2200181 a 4500
005 - DATE AND TIME OF LATEST TRANSACTION
control field 20140412111411.0
008 - FIXED-LENGTH DATA ELEMENTS--GENERAL INFORMATION
fixed length control field 070221s19uu xx 00 eng d
020 ## - INTERNATIONAL STANDARD BOOK NUMBER
International Standard Book Number 978-971-92995-5-4
050 ## - LIBRARY OF CONGRESS CALL NUMBER
Classification number TR(GS 332.024
Item number COL 2006
100 ## - MAIN ENTRY--PERSONAL NAME
Personal name Colaco, Francisco
245 ## - TITLE STATEMENT
Title Money for kids(pera mo palaguin mo!) /
Statement of responsibility, etc Francisco J. Colayco.
260 ## - PUBLICATION, DISTRIBUTION, ETC. (IMPRINT)
Place of publication, distribution, etc Philippines :
Name of publisher, distributor, etc Colayco foundation for education Inc,
Date of publication, distribution, etc 2006.
300 ## - PHYSICAL DESCRIPTION
Extent 777
520 ## - SUMMARY, ETC.
Summary, etc A parent/ teacher's guide to financial literacy for kids
650 ## - SUBJECT ADDED ENTRY--TOPICAL TERM
Topical term or geographic name as entry element Children-Finance,Personal-Juvenile literature
650 ## - SUBJECT ADDED ENTRY--TOPICAL TERM
Topical term or geographic name as entry element Child consumer-Juvenile literature
Holdings
Withdrawn status Lost status Damaged status Use restrictions Home library Current library Shelving location Date acquired Source of acquisition Total Checkouts Full call number Barcode Date last seen Price effective from Koha item type
        Elizalde Library Elizalde Library Teachers Reference Section 02/21/2007     TR(GS 332.024 COL 2006 E10540 04/12/2014 04/12/2014 Books

Money for kids(pera mo palaguin mo!) /

APA

Colaco F., . (2006). Money for kids(pera mo palaguin mo!). Philippines: Colayco foundation for education Inc.

Chicago

Colaco Francisco, . 2006. Money for kids(pera mo palaguin mo!). Philippines: Colayco foundation for education Inc.

Harvard

Colaco F., . (2006). Money for kids(pera mo palaguin mo!). Philippines: Colayco foundation for education Inc.

MLA

Colaco Francisco, . Money for kids(pera mo palaguin mo!). Philippines: Colayco foundation for education Inc. 2006.

  • Place hold
  • Print
  • Cite
  • Add to your cart (remove)
  • Save record
    BIBTEX Dublin Core MARCXML MARC (non-Unicode/MARC-8) MARC (Unicode/UTF-8) MARC (Unicode/UTF-8, Standard) MODS (XML) RIS
  • More searches
    Search for this title in:
    Other Libraries (WorldCat) Other Databases (Google Scholar) Online Stores (Bookfinder.com) Open Library (openlibrary.org)

Exporting to Dublin Core...

SOUTHVILLE LIBRARY

Southville International School and Colleges Library

1281 Tropical Ave. Cor. Luxembourg St., BF Homes International, Las Pinas City

Tel. No. 8256374 / 252358 Loc. 117/146

Powered by Koha